zpět

Detail výsledku týmu

U Ječmínka, Prostějov

Datum a čas kvízu

40.5 Celkem bodů Celkový počet nahraných bodů na tomto kvízu bez doplňovacích otázek.
3. Pořadí na kvízu Konečné umístění týmu na tomto kvízu.

Zaznamenané odpovědi

# Otázka Odpověď Body Výsledky
1. Letitá ikonická story o „bábě... Plzeň 0
2. Ve kterém městě zahajoval Kare... v Ottawě 1
3. Jak se jmenuje seriál, do něho... Harry Potter, HBO (Max) 1
4. Jak se jmenuje horská chata le... Luční bouda 1
5. Dvojnásobná grandslamová šampi... Jiří Novák 1
6. Fanoušci komiksů, sci-fi, fant... cosplay 1
7. Jak se jmenuje zvíře, které je... Garfield 1
8. Jedním z nejoblíbenějších komi... 1B 2C 3D 4A 1
9. Jak se jmenuje muž, který nakr... Štěpán Mareš 1
10. V současné době vychází v komi... Karel Čapek, R.U.R. 1